Derechos Humanos: teoría, historia, vigencia y legislación

Guardat en:
Dades bibliogràfiques
Autor principal: Galiano Haensch, José M (Autor)
Format: Llibre
Idioma:espanyol
Publicat: Santiago LOM-ARCIS 1996
Col·lecció:Punto de Fuga
Colección sin norte
Matèries:
Etiquetes: Afegir etiqueta
Sense etiquetes, Sigues el primer a etiquetar aquest registre!

MARC

LEADER 00000nam a2200000 a 4500
001 UCH3946
003 CL-VaPUC
008 090818e19960000CL |||||||||||||||||spa|d
020 |a 9562820068 
020 |a 9562820076 
082 0 4 |a 341.481  |b GAL  |2 21 
100 |a Galiano Haensch, José M  |e author  |9 759819 
245 1 0 |a Derechos Humanos: teoría, historia, vigencia y legislación 
300 |a v.2 
942 |c BK 
945 |d 20090818 00:00:00  |a ccalabra 
260 |a Santiago  |b LOM-ARCIS  |c 1996 
500 |a v.1 Teoría e Historia. v.2 Vigencia y Legislación 
650 0 |a Derecho a la vida  |9 337220 
650 0 |a Ordenamiento jurídico   |9 355371 
650 0 |a Tratados internacionales   |9 256056 
650 0 |a Derecho positivo  |9 255911 
650 0 |a Derecho civil  |9 255013 
650 7 |a DERECHO LABORAL  |2 CL-VaPUC  |9 15 
650 0 |a Historia del derecho  |9 255109 
650 7 |a DERECHO  |2 CL-VaPUC  |9 539442 
583 |a last modification  |c 20090818 00:00:00  |k Rodrigo Vera 
490 0 |a Punto de Fuga 
490 0 |a Colección sin norte 
999 |c 335348  |d 335346